Statistics for Category Elimination -Cricketers

Click here to take the quiz!

General Stats

  • This quiz has been taken 116 times
  • The average score is 10 of 20

Answer Stats

Group#Category% Correct
Green52Cricketers with over 7000 test runs
100%
Green19...played a test mach before the year 1990
83%
Yellow59Cricketers with more than 170 ODI wickets
79%
Blue52Cricketers with 40 or more sixes in t20Is
78%
Green9...averages over 50 with the bat
78%
Pink60Wicket keepers that have 80 or more test dismissals
75%
Yellow38...Have an average below 30 with the ball
72%
Blue32...is aged 33 or above
71%
Pink28...has played a test in the 2010s
66%
Pink12...has scored 150 in a test innings
63%
Yellow26... have played less than 200 ODIs
62%
Pink8... has retired from test cricket
57%
Green4...high score of above 250
40%
Blue18... haven't won a t20 or odi World Cup or a champions trophy
36%
Yellow8... has 3 or more ODI 5 wicket hauls
30%
Blue8... hasn't scored a t20I century
22%
Green1...Played for an Asian countryMiandad
14%
Yellow1... has a knighthoodAmbrose
9%
Blue1... plays for a non-test playing countryCoetzer
5%
Pink1... played for SussexMcCullum
5%

Score Distribution

Percentile by Number Answered

Percent of People with Each Score

Your Score History

You have not taken this quiz